Theological interpretation of the New Testament : (Record no. 33825)
[ view plain ]
| 000 -LEADER | |
|---|---|
| fixed length control field | 01806nam a2200217 4500 |
| 008 - FIXED-LENGTH DATA ELEMENTS--GENERAL INFORMATION | |
| fixed length control field | 091116s2008 miu b 001 0 eng |
| 020 ## - INTERNATIONAL STANDARD BOOK NUMBER | |
| International Standard Book Number | 9780801036231 :USD19.99/11.81 |
| 090 ## - LOCALLY ASSIGNED LC-TYPE CALL NUMBER (OCLC); LOCAL CALL NUMBER (OCLC) | |
| Classification number (OCLC) (R) ; Classification number, CALL (RLIN) (NR) | BS2397 |
| Local cutter number (OCLC) ; Book number/undivided call number, CALL (RLIN) | T34v |
| -- | 2008 |
| 245 00 - TITLE STATEMENT | |
| Title | Theological interpretation of the New Testament : |
| Remainder of title | a book-by-book survey / |
| Statement of responsibility, etc | Kevin J. Vanhoozer, general editor ; Daniel J. Treier and N. T. Wright, associate editors. |
| 260 ## - PUBLICATION, DISTRIBUTION, ETC. (IMPRINT) | |
| Place of publication, distribution, etc | Grand Rapids, Mich. : |
| Name of publisher, distributor, etc | Baker Academic, |
| Date of publication, distribution, etc | c2008. |
| 300 ## - PHYSICAL DESCRIPTION | |
| Extent | 270 p. ; |
| Dimensions | 23 cm. |
| 504 ## - BIBLIOGRAPHY, ETC. NOTE | |
| Bibliography, etc | Includes bibliographical references and indexes. |
| 505 0# - FORMATTED CONTENTS NOTE | |
| Formatted contents note | Introduction: what is theological interpretation of the Bible? / Kevin J. Vanhoozer -- Matthew / Robert H. Gundry -- Mark / Thorsten Moritz -- Luke / Stephen I. Wright -- John / S.A. Cummins -- Acts / Steve Walton -- Romans / Christopher Bryan -- 1 Corinthians / David E. Garland -- 2 Corinthians / Edith M. Humphrey -- Galatians / John K. Riches -- Ephesians / Max Turner -- Philippians / N.T. Wright -- Colossians / Sylvia C. Keesmaat -- 1 Thessalonians / Charles A. Wanamaker -- 2 Thessalonians / Charles A. Wanamaker -- 1 Timothy / I. Howard Marshall -- 2 Timothy / I. Howard Marshall -- Titus / I. Howard Marshall -- Philemon / Daniel R. Streett -- Hebrews / Jon C. Laansma -- James / William R. Baker -- 1 Peter / Peter R. Rodgers -- 2 Peter / Peter H. Davids -- Johannine Epistles / I. Howard Marshall -- Jude / Peter H. Davids -- Revelation ("the apocalypse of Saint John the Divine") / Francesca Aran Murphy. |
| 630 04 - SUBJECT ADDED ENTRY--UNIFORM TITLE | |
| Uniform title | Bible. |
| Name of part/section of a work | N.T. |
| General subdivision | Criticism, interpretation, etc. |
| 630 04 - SUBJECT ADDED ENTRY--UNIFORM TITLE | |
| Uniform title | Bible. |
| Name of part/section of a work | N.T. |
| General subdivision | Theology. |
| 951 ## - EQUIVALENCE OR CROSS-REFERENCE-GEOGRAPHIC NAME/AREA NAME [OBSOLETE] [CAN/MARC only] | |
| General subdivision | 00038548 |
| 700 1# - ADDED ENTRY--PERSONAL NAME | |
| Personal name | Vanhoozer, Kevin J. |
| 700 1# - ADDED ENTRY--PERSONAL NAME | |
| Personal name | Treier, Daniel J., |
| Dates associated with a name | 1972- |
| 700 1# - ADDED ENTRY--PERSONAL NAME | |
| Personal name | Wright, N. T. |
| Fuller form of name | (Nicholas Thomas) |
| 951 ## - EQUIVALENCE OR CROSS-REFERENCE-GEOGRAPHIC NAME/AREA NAME [OBSOLETE] [CAN/MARC only] | |
| -- | 33414 |
| -- | REFBS2397/T34v/2008 |
| -- | 091116143004625 |
| -- | 2000-12-21 |
| -- | REF |
| Withdrawn status | Lost status | Damaged status | Not for loan | Home library | Current library | Shelving location | Date acquired | Accession number | Shelving control number | Total Checkouts | Full call number | Barcode | Date last seen | Price effective from | Koha item type |
|---|---|---|---|---|---|---|---|---|---|---|---|---|---|---|---|
| BSOP Library | BSOP Library | Reference | 12/21/2000 | 33414 | 127 | REFBS2397/T34v/2008 | 00038548 | 02/23/2013 | 02/23/2013 | Books |
